000 00862nam a2200193Ia 4500
999 _c37617
_d37617
001 3589
003 GE_BSU
005 20190627152829.0
008 181216s2008||||ge |||||||||||||| ||g ||
020 _a9789941009440
040 _cGE_BSU
041 _ageo
080 _a342.4(479.223) კ–73
245 _aაჭარის ავტონომიური რესპუბლიკის კონსტიტუცია :
_cმიღებულია აჭარის ა/რ მიერ 2008 წლის 20 თებერვალს.
264 _a ბათუმი :
_bშპს "Gamaprint"-ის პოლიგრ. ცენტრი,
_c2008.
300 _a40 გვ.;
_b 21 სმ.
653 _aაჭარის ავტონომიური რესპუბლიკის კონსტიტუცია.
942 _cBK
_2udc